Statistics for Best Player on Every Team: NFL

Click here to take the quiz!

General Stats

  • This quiz has been taken 133 times
    (112 since last reset)
  • The average score is 28 of 32

Answer Stats

PlayerTeam% Correct
99Travis Kelce | Patrick MahomesKansas City Chiefs
99%
99Aaron DonaldLos Angeles Rams
99%
99Justin JeffersonMinnesota Vikings
98%
98Myles GarrettCleveland Browns
96%
98Nick Bosa | Christian McCaffrey | Trent WilliamsSan Francisco 49ers
96%
98Lamar JacksonBaltimore Ravens
95%
99Tyreek HillMiami Dolphins
95%
92Josh Allen | Stefon DiggsBuffalo Bills
94%
97T.J. WattPittsburgh Steelers
93%
97Maxx CrosbyLas Vegas Raiders
92%
94Derrick HenryTennessee Titans
92%
93Joe Burrow | Ja'Marr ChaseCincinnati Bengals
91%
98Zack MartinDallas Cowboys
90%
93Jaire AlexanderGreen Bay Packers
90%
91Keenan Allen | Derwin James Jr.Los Angeles Chargers
87%
88Bobby WagnerSeattle Seahawks
87%
89Jonathan Allen | Terry McLaurinWashington Commanders
87%
90Budda BakerArizona Cardinals
86%
95Patrick Surtain IIDenver Broncos
86%
94Tristan WirfsTampa Bay Buccaneers
86%
96Sauce GardnerNew York Jets
85%
95Dexter Lawrence IINew York Giants
84%
96Lane JohnsonPhiladelphia Eagles
83%
95Amon-Ra St. BrownDetroit Lions
82%
89Derrick BrownCarolina Panthers
81%
90Quenton NelsonIndianapolis Colts
81%
89Matthew JudonNew England Patriots
80%
94Laremy TunsilHouston Texans
79%
92Demario DavisNew Orleans Saints
78%
97Jessie Bates IIIAtlanta Falcons
77%
89D.J. MooreChicago Bears
76%
91Josh AllenJacksonville Jaguars
76%

Score Distribution

Percentile by Number Answered

Percent of People with Each Score

Your Score History

You have not taken this quiz since the last reset